Movies Quiz

Random Movies or Box Office Quiz

Highest Grossing Non-Franchise Films Quiz Stats

 Plays Quiz Updated Jan 10, 2019

Score 0/21 Timer 06:00
1 Play Today
% Correct
Avatar
98.1%
Frozen
98%
Elf
96.4%
Beauty and the Beast
96.3%
How the Grinch Stole Christmas
95.7%
Black Panther
94.5%
Saving Private Ryan
92.8%
American Sniper
91.5%
Brave
90.1%
The Sixth Sense
87.1%
I Am Legend
85%
% Correct
Inception
84.6%
Inside Out
83.4%
The Help
80.5%
The Pursuit of Happyness
80%
Hancock
78.9%
War of the Worlds
76.8%
The Secret Life of Pets
74.3%
Pearl Harbor
72.4%
Signs
72.2%
The Passion of the Christ
51.8%

You're not logged in!

Compare scores with friends on all Sporcle quizzes.
OR
Log In

You Might Also Like...

Show Comments

Extras

Top Quizzes Today


Score Distribution

Your Account Isn't Verified!

In order to create a playlist on Sporcle, you need to verify the email address you used during registration. Go to your Sporcle Settings to finish the process.

Report this User

Report this user for behavior that violates our Community Guidelines.

Details: